<?xml version="1.0" encoding="UTF-8"?>
<collection xmlns="http://www.loc.gov/MARC21/slim">
  <record>
    <leader>00000nam  2200000   4500</leader>
    <controlfield tag="001">INLIS000000000018781</controlfield>
    <controlfield tag="005">20241212101519</controlfield>
    <datafield tag="035" ind1="#" ind2="#">
      <subfield code="a">0010-1224000152</subfield>
    </datafield>
    <controlfield tag="007">ta</controlfield>
    <controlfield tag="008">241212################g##########0#ind##</controlfield>
    <datafield tag="082" ind1="#" ind2="#">
      <subfield code="a">658.812</subfield>
    </datafield>
    <datafield tag="084" ind1="#" ind2="#">
      <subfield code="a">658.812 LEB m</subfield>
    </datafield>
    <datafield tag="100" ind1=" " ind2="#">
      <subfield code="a">LeBoeuf, Michael</subfield>
    </datafield>
    <datafield tag="245" ind1="1" ind2="#">
      <subfield code="a">Memenangkan &amp; Memelihara Pelanggan /</subfield>
      <subfield code="c">Michael LeBoeuf</subfield>
    </datafield>
    <datafield tag="260" ind1="#" ind2="#">
      <subfield code="a">Jakarta :</subfield>
      <subfield code="b">Pustaka Tangga,</subfield>
      <subfield code="c">1992</subfield>
    </datafield>
    <datafield tag="300" ind1="#" ind2="#">
      <subfield code="a">253 halaman :</subfield>
      <subfield code="b">ilus ;</subfield>
      <subfield code="c">20 cm</subfield>
    </datafield>
    <datafield tag="650" ind1="#" ind2="4">
      <subfield code="a">Customer Service</subfield>
    </datafield>
    <datafield tag="520" ind1="#" ind2="#">
      <subfield code="a">Keberhasilan bisnis Anda sangat tergantung kepada bagaimana Anda menjawab pertanyaan-pertanyaan berikut ini:&#13;
- Mengapa ada orang-orang tertentu, yang hanya sekali saja membeli... dan tak pernah lagi kembali?&#13;
- Mengapa ada orang-orang yang menjadi pelanggan yang mantap dan tetap?&#13;
- Bagaimana cara mengubah pelanggan yang marah atau mengeluh menjadi pelanggan yang gembira dan puas?&#13;
- Apakah lima cara terbaik untuk membuat pelanggan senantiasa kembali?&#13;
&#13;
Memenangkan dan Memelihara Pelanggan ini adalah program siap-pakai dalam membangun suatu tim penjualan yang berhasil. Buku ini ditulis oleh Michael LeBoeuf, salah seorang konsultan bisnis terkemuka di AS. Buku petunjuk ini mengajarkan kepada Anda tentang segala hal yang perlu Anda ketahui agar berhasil dalam menjual, dan dalam memenangkan pelanggan.</subfield>
    </datafield>
    <datafield tag="990" ind1="#" ind2="#">
      <subfield code="a">00074408</subfield>
    </datafield>
  </record>
</collection>
